Biology of teleost fishes / (Record no. 19094)

MARC details
000 -LEADER
fixed length control field 00921nam a22002657a 4500
005 - DATE AND TIME OF LATEST TRANSACTION
control field 20080311082442.0
008 - FIXED-LENGTH DATA ELEMENTS--GENERAL INFORMATION
fixed length control field 071206s2004 ne a b 001 0 eng
010 ## - LCCN (DPL NO)
LC control number ENG-91805
020 ## - INTERNATIONAL STANDARD BOOK NUMBER
International Standard Book Number 9798184242248
Terms of availability 750.00
020 ## - INTERNATIONAL STANDARD BOOK NUMBER
International Standard Book Number 8184242247
Terms of availability 750.00
035 ## - SYSTEM CONTROL NUMBER
System control number EN-73338
037 ## - SOURCE OF ACQUISITION
Source of stock number/acquisition DBAD / PUB
040 ## - CATALOGING SOURCE
Original cataloging agency dpl
Language of cataloging English
082 ## - DEWEY DECIMAL CLASSIFICATION NUMBER
Classification number 597.17
100 ## - MAIN ENTRY--PERSONAL NAME
Personal name Kapoor, B.G.
245 ## - TITLE STATEMENT
Title Biology of teleost fishes /
Statement of responsibility, etc by B.G. Kapoor
260 ## - PUBLICATION, DISTRIBUTION, ETC. (IMPRINT)
Place of publication, distribution, etc New Delhi
Name of publisher, distributor, etc Allied Publishers
Date of publication, distribution, etc 2007
300 ## - PHYSICAL DESCRIPTION
Extent xvi, 527p. :
Other physical details ill. ;
Dimensions 24 cm (Hb)
504 ## - BIBLIOGRAPHY, ETC. NOTE
Bibliography, etc Includes index.
650 ## - SUBJECT ADDED ENTRY--TOPICAL TERM
Topical term or geographic name as entry element Osteichthyes
General subdivision Physiology.
650 ## - SUBJECT ADDED ENTRY--TOPICAL TERM
Topical term or geographic name as entry element Osteichthyes
General subdivision Development.
650 ## - SUBJECT ADDED ENTRY--TOPICAL TERM
Topical term or geographic name as entry element Teleostei
General subdivision Physiology.
942 ## - ADDED ENTRY ELEMENTS (KOHA)
Source of classification or shelving scheme Dewey Decimal Classification
Item type English Books
Classification part 597.17
Call number suffix KAP
Holdings
Withdrawn status Lost status Source of classification or shelving scheme Damaged status Not for loan Collection code Home library Current library Date acquired Source of acquisition Cost, normal purchase price Total Checkouts Full call number Barcode Date last seen Cost, replacement price Koha item type
    Dewey Decimal Classification   Not For Loan Non-fiction D.B.Act.Division D.B.Act.Division 03/12/2008 DBAD / PUB 750.00   597.17 KAP EN-75338 03/12/2008 750.00 English Books

© Delhi Public Library
Hit Counter
free hit counter